Valentine's Day Socks Quiz Stats

 Plays Quiz not verified by Sporcle

Score 0/15 Timer 02:00
3 Plays Today
% Correct
I Love You Teddy
91.2%
Heart-Shaped Lollipop
90.8%
Checkerboard Hearts
90.6%
Roses
90%
Kisses
88.8%
Cupid
88.5%
Puppy Love
87.2%
Love Birds
87%
% Correct
Be Mine
86.4%
I ♥ You
86.4%
Queen of Hearts
84.2%
Love
81.1%
Sweethearts
80.8%
Neon Hearts
78.3%
Cupid's Bullseye
75.3%

You're not logged in!

Compare scores with friends on all Sporcle quizzes.
OR
Log In

Sporcle TV

Today on Sporcle TV


Watch our educational content, quiz creation guides, and fun videos on Sporcle TV.

Show Comments

Extras

Top Quizzes Today


Score Distribution

Your Account Isn't Verified!

In order to create a playlist on Sporcle, you need to verify the email address you used during registration. Go to your Sporcle Settings to finish the process.

Report this User

Report this user for behavior that violates our Community Guidelines.

Details: